| 000 | 00703nam a2200253Ia 4500 | ||
|---|---|---|---|
| 003 | OSt | ||
| 005 | 20221006142413.0 | ||
| 006 | a|||||r|||| 00| 0 | ||
| 007 | ta | ||
| 008 | 221006b |||||||| |||| 00| 0 eng d | ||
| 020 |
_a0824811488 _c295.80 |
||
| 024 | _a6,300 | ||
| 037 | _cTextual | ||
| 040 |
_aEASL _cEASL _beng |
||
| 041 |
_2eng _aeng |
||
| 082 | _aO42:g(Q:4198), M8 | ||
| 100 |
_aRIMER J Thomas _9647193 |
||
| 245 | 0 |
_aPilgrinmages _b Aspects of Japanese literature and culture |
|
| 260 |
_aHonolulu _bUniversity of Hawaii _c1988 |
||
| 300 |
_a146p. _ccm. |
||
| 490 | _v JEL | ||
| 942 |
_hO42:g(Q:4198), M8 _cTEXL _2CC |
||
| 999 |
_c1074386 _d1074386 |
||